Dynamic programming.

Αποθηκεύτηκε σε:
Λεπτομέρειες βιβλιογραφικής εγγραφής
Κύριος συγγραφέας: Bellman, Richard 1920-1984
Μορφή: Βιβλίο
Γλώσσα:English
Δημοσίευση: Princeton : Princeton University Press, c1957
Σειρά:A Rand Corporation research study
Θέματα:
Ετικέτες: Προσθήκη ετικέτας
Δεν υπάρχουν, Καταχωρήστε ετικέτα πρώτοι!

MARC

LEADER 00000nam a2200000 i 4500
001 1/51977
008 070821r2003 eng d
020 |a 0-486-42809-5 (pbk.) 
035 |l 10089873 
040 |a GR-MY-UA  |b gre  |e aacr 
041 0 |a eng 
082 0 |a 519.703  |2 (22) 
100 1 |a Bellman, Richard  |d 1920-1984. 
245 1 0 |a Dynamic programming. /  |c Richard Bellman 
260 |a Princeton :   |b Princeton University Press,   |c c1957 
300 |a xxv, 342 σ.;  |b διαγρ.;  |c 25 εκ. 
490 1 |a A Rand Corporation research study 
500 |a Το παράρτημα της Χίου διαθέτει την ανατύπωση , 2003 
504 |a Περιλαμβάνει βιβλιογραφίες και ευρετήριο 
650 0 0 |a Dynamic programming. 
830 0 |a A Rand Corporation research study 
852 |a INST  |b CHIOS  |e 20070821  |h 519.703 BEL  |p 005200025641  |q 005200025641  |t BK  |y 0 
901 |a BIBL2-2007-2 
909 |a Χ  |b 138151 
922 |a 2ΕΛΗ  |b 200707  |c ΕΠΕΑΕΚ2/ΤΜΟΔ  |d ΠΑΠΑΣΩΤΗΡΙΟΥ 
970 |a ΒΑΡΦΗΣ  |b ΒΑΓΓΕΛΗΣ  |z 2007/08/21